[Event "Bundesliga 2324"]
[Site "Germany"]
[Date "2024.02.03"]
[Round "7.8"]
[White "Heinemann, Thies"]
[Black "Buckels, Valentin"]
[Result "0-1"]
[WhiteElo "2438"]
[BlackElo "2429"]
[PlyCount "100"]
[EventDate "2023.10.21"]
[EventType "team-tourn"]
[EventRounds "15"]
[EventCountry "GER"]
[SourceTitle "CB06_2024"]
[SourceDate "2024.02.07"]
[SourceVersion "1"]
[SourceVersionDate "2024.02.07"]
[SourceQuality "1"]
[WhiteTeam "Hamburger SK"]
[BlackTeam "Muelheim Nord"]
[WhiteTeamCountry "GER"]
[BlackTeamCountry "GER"]

1. e4 e5 2. Nf3 Nf6 3. Nc3 Nc6 4. d4 exd4 5. Nxd4 Nxe4 6. Nxe4 Qe7 7. f3 d5 8. Bb5 Bd7 9. 0-0 dxe4 10. Bxc6 bxc6 11. Re1 0-0-0 12. Rxe4 Qb4 13. Nb3 Qb7 14. Be3 Bf5 15. Rd4 Bd6 16. Qe2 Rhe8 17. Rad1 Qb5 18. Qd2 Bxc2 19. Qxc2 Rxe3 20. Kf2 Rde8 21. R1d2 Re1 22. Qc4 Bxh2 23. Rd8+ Rxd8 24. Rxd8+ Kxd8 25. Qd4+ Qd5 26. Kxe1 Qxd4 27. Nxd4 Kd7 28. b3 Bg1 29. Ne2 Be3 30. Kd1 Ke6 31. Kc2 Ke5 32. Kd3 Bf2 33. Nc3 f5 34. Ne2 g5 35. Kd2 h5 36. Nc1 Bc5 37. Nd3+ Kd4 38. Nf2 Bd6 39. Ke2 c5 40. Nd1 c4 41. bxc4 f4 42. Nf2 Kxc4 43. Ne4 Be7 44. Kd2 Kd4 45. Nf2 a5 46. Nd3 g4 47. Nc1 gxf3 48. gxf3 Bb4+ 49. Ke2 Kc3 50. Nd3 Bd6 0-1

[Event "Bundesliga 2324"]
[Site "Germany"]
[Date "2024.01.14"]
[Round "6.7"]
[White "Buckels, Valentin"]
[Black "Moehn, Hans"]
[Result "1/2-1/2"]
[WhiteElo "2429"]
[BlackElo "2392"]
[PlyCount "50"]
[EventDate "2023.10.21"]
[EventType "team-tourn"]
[EventRounds "15"]
[EventCountry "GER"]
[SourceTitle "CB03_2024"]
[SourceDate "2024.01.17"]
[SourceVersion "1"]
[SourceVersionDate "2024.01.17"]
[SourceQuality "1"]
[WhiteTeam "Muelheim Nord"]
[BlackTeam "Dresden TU"]
[WhiteTeamCountry "GER"]
[BlackTeamCountry "GER"]

1. d4 Nf6 2. Nf3 g6 3. g3 Bg7 4. Bg2 0-0 5. c4 d6 6. Nc3 Nc6 7. d5 Na5 8. b3 c5 9. Bb2 a6 10. 0-0 Rb8 11. a4 Bd7 12. Ra3 Qb6 13. Ba1 Bf5 14. Nd2 Rfe8 15. e4 Bd7 16. Ne2 e6 17. Nf4 exd5 18. cxd5 Qd8 19. Bc3 Ng4 20. Qa1 Bxc3 21. Qxc3 b6 22. h3 Ne5 23. Raa1 Nb7 24. Ne2 f6 25. Kh2 Rc8 1/2-1/2

[Event "Staufer op 34th"]
[Site "Schwaebisch Gmuend"]
[Date "2024.01.06"]
[Round "9"]
[White "Buckels, Valentin"]
[Black "Kolb, Tobias"]
[Result "1-0"]
[WhiteElo "2438"]
[BlackElo "2325"]
[PlyCount "119"]
[EventDate "2024.01.02"]
[EventType "swiss"]
[EventRounds "9"]
[EventCountry "GER"]
[SourceTitle "CB02_2024"]
[SourceDate "2024.01.10"]
[SourceVersion "1"]
[SourceVersionDate "2024.01.10"]
[SourceQuality "1"]

1. Nf3 d5 2. g3 Nf6 3. Bg2 e6 4. 0-0 Be7 5. d4 0-0 6. c4 c6 7. Qc2 b6 8. Ne5 Bb7 9. Nc3 Nbd7 10. e4 dxc4 11. Nxc4 b5 12. Ne3 Qb6 13. Rd1 a5 14. a4 Rfd8 15. b3 Rac8 16. Bb2 Nf8 17. Rac1 Ba6 18. Ne2 Rb8 19. Bc3 Rd7 20. Nf4 Ng6 21. Nd3 bxa4 22. bxa4 Bxd3 23. Qxd3 Bb4 24. Ba1 h6 25. Qc2 Ne7 26. Nc4 Qa7 27. Ne5 Rdb7 28. Nxc6 Nxc6 29. Qxc6 Ba3 30. Rc2 Rb1 31. Rcd2 Rxd1+ 32. Rxd1 Bb2 33. Bxb2 Rxb2 34. h3 Qb8 35. e5 Ne8 36. Rc1 Rb1 37. Rxb1 Qxb1+ 38. Kh2 Qb8 39. Qa8 Qxa8 40. Bxa8 f6 41. g4 Kf7 42. Kg3 Ke7 43. f4 g6 44. Be4 f5 45. gxf5 gxf5 46. Bc6 Nc7 47. Kh4 Kf7 48. Kh5 Kg7 49. Bb7 Kh7 50. d5 Nxd5 51. Bxd5 exd5 52. Kh4 Kg6 53. Kg3 Kf7 54. Kf3 d4 55. Ke2 Ke6 56. Kd2 Kd5 57. Kd3 Kc5 58. e6 Kd6 59. Kxd4 Kxe6 60. Kc5 1-0

[Event "Staufer op 34th"]
[Site "Schwaebisch Gmuend"]
[Date "2024.01.05"]
[Round "8"]
[White "Hahn, Markus"]
[Black "Buckels, Valentin"]
[Result "1/2-1/2"]
[WhiteElo "2314"]
[BlackElo "2438"]
[PlyCount "27"]
[EventDate "2024.01.02"]
[EventType "swiss"]
[EventRounds "9"]
[EventCountry "GER"]
[SourceTitle "CB02_2024"]
[SourceDate "2024.01.10"]
[SourceVersion "1"]
[SourceVersionDate "2024.01.10"]
[SourceQuality "1"]

1. d4 d5 2. c4 e6 3. Nf3 Nf6 4. g3 Bb4+ 5. Bd2 a5 6. Qc2 0-0 7. Bg2 c5 8. dxc5 d4 9. Bxb4 axb4 10. Nbd2 Nc6 11. Ng5 e5 12. 0-0 Qe7 13. Nb3 h6 14. Ne4 1/2-1/2

[Event "Staufer op 34th"]
[Site "Schwaebisch Gmuend"]
[Date "2024.01.04"]
[Round "5"]
[White "Buckels, Valentin"]
[Black "Herbrig, Alexander"]
[Result "1-0"]
[WhiteElo "2438"]
[BlackElo "2277"]
[PlyCount "109"]
[EventDate "2024.01.02"]
[EventType "swiss"]
[EventRounds "9"]
[EventCountry "GER"]
[SourceTitle "CB02_2024"]
[SourceDate "2024.01.10"]
[SourceVersion "1"]
[SourceVersionDate "2024.01.10"]
[SourceQuality "1"]

1. d4 Nf6 2. c4 e6 3. Nf3 d5 4. g3 dxc4 5. Bg2 a6 6. 0-0 Nc6 7. e3 Bd7 8. Qe2 b5 9. Rd1 Be7 10. e4 0-0 11. Bf4 Qc8 12. Nc3 b4 13. Nb1 Na5 14. Ne5 c5 15. d5 exd5 16. exd5 Bd6 17. Nxc4 Bxf4 18. Nxa5 Bg4 19. Bf3 Re8 20. Qd3 Bxf3 21. Qxf3 Be5 22. Nc4 Qg4 23. Nbd2 Bd4 24. d6 Qh3 25. Rf1 h5 26. Nb3 Ng4 27. Qg2 Qxg2+ 28. Kxg2 Ne5 29. Nba5 f6 30. Rae1 Kf7 31. d7 Red8 32. Nd6+ Ke6 33. Nc8 Kf7 34. f4 Nxd7 35. Nd6+ Kf8 36. Nc6 Nb6 37. Nxd8 Rxd8 38. Re6 Nd5 39. Nc4 a5 40. b3 Nc3 41. Nxa5 Ra8 42. Nc6 Rxa2+ 43. Kh3 Ne2 44. Kh4 Nc1 45. Kxh5 Rxh2+ 46. Kg6 Nxb3 47. Rfe1 Rh6+ 48. Kf5 Kg8 49. Re8+ Kh7 50. Rd8 g6+ 51. Ke6 Bc3 52. Re2 Nd4+ 53. Nxd4 Bxd4 54. Rd7+ Kh8 55. Ra2 1-0

[Event "Bundesliga 2324"]
[Site "Germany"]
[Date "2023.12.03"]
[Round "4.8"]
[White "Grigorian, Spartak"]
[Black "Buckels, Valentin"]
[Result "1/2-1/2"]
[WhiteElo "2444"]
[BlackElo "2429"]
[PlyCount "63"]
[EventDate "2023.10.21"]
[EventType "team-tourn"]
[EventRounds "15"]
[EventCountry "GER"]
[SourceTitle "CB49_2023"]
[SourceDate "2023.12.06"]
[SourceVersion "1"]
[SourceVersionDate "2023.12.06"]
[SourceQuality "1"]
[WhiteTeam "Werder Bremen"]
[BlackTeam "Muelheim Nord"]
[WhiteTeamCountry "GER"]
[BlackTeamCountry "GER"]

1. c4 e6 2. Nc3 d5 3. d4 Nf6 4. cxd5 Nxd5 5. e4 Nxc3 6. bxc3 c5 7. Rb1 Be7 8. Nf3 0-0 9. Bc4 Qc7 10. Qe2 a6 11. 0-0 b5 12. Bb3 Nd7 13. h4 e5 14. Bd5 Rb8 15. dxe5 Nxe5 16. Nxe5 Qxe5 17. Qf3 Bd6 18. g3 h5 19. Bg5 Be6 20. Rfe1 Bc7 21. Qd3 Ba5 22. Rbc1 c4 23. Qd2 Bxd5 24. exd5 Qf5 25. Be7 Rfe8 26. d6 Bd8 27. Re3 Bxe7 28. dxe7 f6 29. Qd6 Rb7 30. Rce1 Kf7 31. Kg2 Rd7 32. Qxa6 1/2-1/2

[Event "Bundesliga 2223"]
[Site "Germany"]
[Date "2023.03.18"]
[Round "10.2"]
[White "Perunovic, Milos"]
[Black "Buckels, Valentin"]
[Result "1/2-1/2"]
[WhiteElo "2542"]
[BlackElo "2456"]
[PlyCount "85"]
[EventDate "2022.10.21"]
[EventType "team-tourn"]
[EventRounds "15"]
[EventCountry "GER"]
[SourceTitle "CBM 213 Extra"]
[Source "ChessBase"]
[SourceDate "2023.05.31"]
[SourceVersion "1"]
[SourceVersionDate "2023.05.31"]
[SourceQuality "1"]
[WhiteTeam "Schoenaich"]
[BlackTeam "Muelheim Nord"]
[WhiteTeamCountry "GER"]
[BlackTeamCountry "GER"]

1. e4 e5 2. Nf3 Nc6 3. Bb5 a6 4. Ba4 Nf6 5. 0-0 Bc5 6. c3 0-0 7. d4 Ba7 8. Re1 d6 9. h3 Re8 10. Bxc6 bxc6 11. dxe5 dxe5 12. Qxd8 Rxd8 13. Nbd2 Nd7 14. Nc4 Re8 15. b4 c5 16. Be3 Bb7 17. Nfd2 Bc6 18. a4 Bb6 19. f3 Reb8 20. Nb3 cxb4 21. Nba5 Bb7 22. cxb4 Bd4 23. Bxd4 exd4 24. Red1 c5 25. Nd6 Bxe4 26. Nxe4 Rxb4 27. Rdc1 Rc8 28. Nc4 h6 29. a5 Rcb8 30. Ncd6 d3 31. Nc4 Rd8 32. Ra3 Nf6 33. Nxf6+ gxf6 34. Rac3 Rd4 35. Nd2 Rb2 36. Nb3 Ra4 37. Nxc5 Raa2 38. Nxd3 Rxg2+ 39. Kf1 Rh2 40. Kg1 Rhg2+ 41. Kf1 Rh2 42. Kg1 Rhg2+ 43. Kf1 1/2-1/2

[Event "Staufer op 33rd"]
[Site "Schwaebisch Gmuend"]
[Date "2023.01.06"]
[Round "9"]
[White "Buckels, Valentin"]
[Black "Seitz, Patrick"]
[Result "1-0"]
[WhiteElo "2456"]
[BlackElo "2148"]
[PlyCount "103"]
[EventDate "2023.01.02"]
[EventType "swiss"]
[EventRounds "9"]
[EventCountry "GER"]
[SourceTitle "CBM 212 Extra"]
[Source "ChessBase"]
[SourceDate "2023.03.31"]
[SourceVersion "1"]
[SourceVersionDate "2023.03.31"]
[SourceQuality "1"]

1. d4 Nf6 2. Nf3 g6 3. g3 Bg7 4. Bg2 d6 5. 0-0 0-0 6. Nc3 Nc6 7. d5 Ne5 8. Nxe5 dxe5 9. e4 e6 10. Bg5 h6 11. Be3 exd5 12. exd5 Ne8 13. Qd2 Kh7 14. f4 exf4 15. Rxf4 Nd6 16. Bd4 Bxd4+ 17. Qxd4 f5 18. Rf3 Qf6 19. Qxf6 Rxf6 20. Re1 Kg7 21. Ne2 Rf7 22. Nd4 Bd7 23. c4 c6 24. dxc6 Bxc6 25. Nxc6 bxc6 26. Rc3 Rb8 27. b3 c5 28. Re6 Rf6 29. Re5 Rc8 30. Rd3 Rc7 31. Rdd5 Nb7 32. Re8 Rd6 33. Kf2 Rxd5 34. Bxd5 Nd6 35. Re6 Nf7 36. h4 Nd8 37. Rd6 Nf7 38. Re6 Nd8 39. Re8 Rd7 40. Kf3 Kf6 41. h5 g5 42. Rg8 Ke5 43. Ke3 Rd6 44. Rg7 Ra6 45. Re7+ Ne6 46. a3 Rb6 47. b4 Kf6 48. Rh7 Ke5 49. Rxh6 cxb4 50. Rxe6+ Rxe6 51. Bxe6 bxa3 52. h6 1-0

[Event "Staufer op 33rd"]
[Site "Schwaebisch Gmuend"]
[Date "2023.01.05"]
[Round "8"]
[White "Zeller, Frank"]
[Black "Buckels, Valentin"]
[Result "1-0"]
[WhiteElo "2345"]
[BlackElo "2456"]
[PlyCount "51"]
[EventDate "2023.01.02"]
[EventType "swiss"]
[EventRounds "9"]
[EventCountry "GER"]
[SourceTitle "CBM 212 Extra"]
[Source "ChessBase"]
[SourceDate "2023.03.31"]
[SourceVersion "1"]
[SourceVersionDate "2023.03.31"]
[SourceQuality "1"]

1. e4 e5 2. Nf3 Nc6 3. Bb5 a6 4. Ba4 Nf6 5. 0-0 Bc5 6. c3 0-0 7. d4 Ba7 8. Re1 b5 9. Bb3 d6 10. h3 h6 11. Be3 Re8 12. Nbd2 exd4 13. cxd4 d5 14. e5 Ne4 15. Rc1 Nb4 16. Nf1 a5 17. a3 Na6 18. Ba2 Bb7 19. N3d2 Ng5 20. Nb3 Bc8 21. Qh5 Bb6 22. Ng3 a4 23. Nd2 Ne6 24. Nf3 Nf8 25. Nh2 Bd7 26. Bxd5 1-0

[Event "Staufer op 33rd"]
[Site "Schwaebisch Gmuend"]
[Date "2023.01.02"]
[Round "1"]
[White "Buckels, Valentin"]
[Black "Foerster, Erik"]
[Result "1/2-1/2"]
[WhiteElo "2456"]
[BlackElo "2184"]
[PlyCount "160"]
[EventDate "2023.01.02"]
[EventType "swiss"]
[EventRounds "9"]
[EventCountry "GER"]
[SourceTitle "CBM 212 Extra"]
[Source "ChessBase"]
[SourceDate "2023.03.31"]
[SourceVersion "1"]
[SourceVersionDate "2023.03.31"]
[SourceQuality "1"]

1. d4 d5 2. c4 c6 3. Nf3 Nf6 4. e3 Bf5 5. Nc3 e6 6. Qb3 Qb6 7. c5 Qc7 8. Nh4 Be4 9. f3 Bg6 10. Bd2 Nbd7 11. Qa4 Be7 12. g4 Ne4 13. Nxg6 Nxc3 14. Bxc3 hxg6 15. h3 Bh4+ 16. Kd2 0-0 17. f4 g5 18. fxg5 e5 19. Bd3 e4 20. Be2 b6 21. b4 a5 22. b5 bxc5 23. bxc6 Nb6 24. Qb5 cxd4 25. Bxd4 Rab8 26. Rab1 Nc4+ 27. Bxc4 Rxb5 28. Bxb5 a4 29. Rhf1 Rb8 30. Rb4 Bxg5 31. Rfb1 a3 32. R1b3 Bd8 33. Ra4 Qh2+ 34. Be2 Rc8 35. Ra6 Bh4 36. Rb1 Qd6 37. Bb5 Bf6 38. Bxf6 Qxf6 39. Rxa3 d4 40. exd4 Qf2+ 41. Kc3 Qe3+ 42. Kb2 Qd2+ 43. Ka1 Qxd4+ 44. Rb2 Rd8 45. Rab3 Qc5 46. a4 e3 47. Ka2 g6 48. Rb4 Rd2 49. Rc4 Qe5 50. Rcc2 Qd5+ 51. Bc4 Qa5 52. Bb3 Rxc2 53. Rxc2 Qc7 54. g5 Kf8 55. Kb1 Ke7 56. Bd5 Kd6 57. Bf3 Ke5 58. Rc4 Kd6 59. Kc2 Ke5 60. h4 Kf5 61. Kd3 Qa5 62. Kxe3 Qb6+ 63. Kd3 Qb3+ 64. Rc3 Qb1+ 65. Kd4 Qb4+ 66. Kd3 Qb1+ 67. Kc4 Qb6 68. Rb3 Qa6+ 69. Rb5+ Kf4 70. Bd5 Qxa4+ 71. Kc5 Ke5 72. c7 Qa7+ 73. Kc6 Qa6+ 74. Rb6 Qa8+ 75. Rb7 Qa4+ 76. Kb6 Qd4+ 77. Ka6 Qa4+ 78. Kb6 Qd4+ 79. Ka5 Qc3+ 80. Kb6 Qd4+ 1/2-1/2

[Event "Staufer op 33rd"]
[Site "Schwaebisch Gmuend"]
[Date "2023.01.02"]
[Round "2"]
[White "Weiss, Andreas"]
[Black "Buckels, Valentin"]
[Result "1-0"]
[WhiteElo "2125"]
[BlackElo "2456"]
[PlyCount "103"]
[EventDate "2023.01.02"]
[EventType "swiss"]
[EventRounds "9"]
[EventCountry "GER"]
[SourceTitle "CBM 212 Extra"]
[Source "ChessBase"]
[SourceDate "2023.03.31"]
[SourceVersion "1"]
[SourceVersionDate "2023.03.31"]
[SourceQuality "1"]

1. e4 c6 2. Nc3 d5 3. Nf3 dxe4 4. Nxe4 Nf6 5. Nxf6+ exf6 6. d4 Bd6 7. Be2 0-0 8. 0-0 Re8 9. c4 Nd7 10. Qc2 Nf8 11. h3 Qa5 12. Be3 Bd7 13. a3 Ng6 14. b4 Qc7 15. Rfe1 a5 16. Rab1 axb4 17. axb4 Bf4 18. Bf1 Qd6 19. Qd2 b5 20. d5 Bxe3 21. Rxe3 cxd5 22. c5 Qc7 23. Nd4 Reb8 24. c6 Be8 25. Bxb5 Rxb5 26. Nxb5 Qxc6 27. Nd4 Qb6 28. Qc3 Ne5 29. Qc5 Qxc5 30. bxc5 Rc8 31. f4 Nc4 32. Re2 Kf8 33. Nf5 g6 34. Nd6 Nxd6 35. cxd6 Bd7 36. Reb2 d4 37. Rb8 d3 38. Kf2 Ke8 39. Ke3 Kd8 40. Rxc8+ Bxc8 41. Rb6 h5 42. Kxd3 h4 43. Kd4 g5 44. Rb8 Kd7 45. Kc5 gxf4 46. Rxc8 Kxc8 47. Kc6 f5 48. d7+ Kd8 49. Kd6 f3 50. gxf3 f4 51. Kc6 f5 52. Kd5 1-0

[Event "Groningen op 58th"]
[Site "Groningen"]
[Date "2022.12.24"]
[Round "4"]
[White "Buckels, Valentin"]
[Black "Zheng, Harry Z"]
[Result "1-0"]
[WhiteElo "2455"]
[BlackElo "2087"]
[PlyCount "69"]
[EventDate "2022.12.21"]
[EventType "swiss"]
[EventRounds "9"]
[EventCountry "NED"]
[SourceTitle "CBM 211 Extra"]
[Source "ChessBase"]
[SourceDate "2023.01.31"]
[SourceVersion "1"]
[SourceVersionDate "2023.01.31"]
[SourceQuality "1"]

1. d4 Nf6 2. c4 e6 3. Nf3 b6 4. g3 Ba6 5. Qb3 d5 6. cxd5 Qxd5 7. Qc2 Nc6 8. Nc3 Bb4 9. Bd2 Bxc3 10. Bxc3 0-0 11. Bg2 Rad8 12. 0-0 Qc4 13. e3 Nb4 14. Qa4 Nbd5 15. Qxc4 Bxc4 16. Rfc1 Ba6 17. Ne5 Bb7 18. Be1 Rc8 19. b4 c6 20. a4 Rc7 21. a5 Rfc8 22. Bd2 h6 23. h4 Nh7 24. Nc4 Kf8 25. e4 Ne7 26. axb6 Rd7 27. bxa7 Rxd4 28. Be3 Rd3 29. Nb6 Rdd8 30. Nxc8 Rxc8 31. Bc5 Nf6 32. a8Q Bxa8 33. Ra7 Nfg8 34. Rca1 Ke8 35. Rxa8 1-0

[Event "Groningen op 58th"]
[Site "Groningen"]
[Date "2022.12.23"]
[Round "3"]
[White "Van Meegen, Ruud"]
[Black "Buckels, Valentin"]
[Result "1-0"]
[WhiteElo "2287"]
[BlackElo "2455"]
[PlyCount "89"]
[EventDate "2022.12.21"]
[EventType "swiss"]
[EventRounds "9"]
[EventCountry "NED"]
[SourceTitle "CBM 211 Extra"]
[Source "ChessBase"]
[SourceDate "2023.01.31"]
[SourceVersion "1"]
[SourceVersionDate "2023.01.31"]
[SourceQuality "1"]

1. Nf3 d5 2. g3 g6 3. Bg2 Bg7 4. d4 Nd7 5. c4 dxc4 6. Qa4 c6 7. Qxc4 Nb6 8. Qc5 Nf6 9. 0-0 Ne4 10. Qc2 Nd6 11. Bf4 Bf5 12. Qc1 Nb5 13. Rd1 Be4 14. Bh6 0-0 15. Bxg7 Kxg7 16. Qf4 Bc2 17. Rc1 Nd5 18. Qh4 Bxb1 19. Raxb1 e6 20. Qxd8 Rfxd8 21. a4 Nd6 22. a5 Nb4 23. e3 a6 24. Nd2 Nb5 25. Nb3 Rac8 26. Nc5 Rc7 27. h4 Re7 28. Kf1 Nd6 29. Ra1 Nb5 30. Bf3 e5 31. Ra4 Nd5 32. dxe5 f5 33. exf6+ Nxf6 34. Rd1 Rxd1+ 35. Bxd1 Nd6 36. Rd4 Nde4 37. Nxe4 Nxe4 38. Bf3 Nc5 39. b4 Nd7 40. Ke2 Ne5 41. Bg2 Rc7 42. f4 c5 43. bxc5 Nd7 44. c6 bxc6 45. Bxc6 1-0

[Event "Groningen op 58th"]
[Site "Groningen"]
[Date "2022.12.22"]
[Round "2"]
[White "Buckels, Valentin"]
[Black "Wang, Ellen"]
[Result "1-0"]
[WhiteElo "2455"]
[BlackElo "2020"]
[PlyCount "97"]
[EventDate "2022.12.21"]
[EventType "swiss"]
[EventRounds "9"]
[EventCountry "NED"]
[SourceTitle "CBM 211 Extra"]
[Source "ChessBase"]
[SourceDate "2023.01.31"]
[SourceVersion "1"]
[SourceVersionDate "2023.01.31"]
[SourceQuality "1"]

1. d4 d5 2. Nf3 Nf6 3. e3 e6 4. Bd3 Bd6 5. b3 c5 6. Bb2 Nc6 7. 0-0 0-0 8. a3 b6 9. dxc5 bxc5 10. c4 Bb7 11. h3 h6 12. Qc2 Qe7 13. Nbd2 Rac8 14. Rfe1 dxc4 15. Nxc4 Bb8 16. Rad1 Rfd8 17. Rd2 Ba6 18. Red1 Bc7 19. Qc3 Rb8 20. Bc2 Rxd2 21. Nfxd2 Bxc4 22. Nxc4 Rd8 23. Rd3 Rd5 24. Qd2 Rxd3 25. Qxd3 Qd8 26. Kf1 Qxd3+ 27. Bxd3 Kf8 28. Ke2 Ke7 29. f4 g6 30. Nd2 Nd5 31. g3 Bb6 32. Ba6 Kd7 33. Bb5 Kc7 34. Nc4 Na5 35. Be8 Nxb3 36. Bxf7 Kd7 37. Bxg6 Na5 38. Bd3 Nxc4 39. Bxc4 Ke7 40. Bg7 h5 41. e4 Nf6 42. Kf3 Ba5 43. Bh6 Nd7 44. Bg5+ Kf7 45. Ke3 Nb6 46. Be2 Kg6 47. Be7 Na4 48. Bb5 Nc3 49. Be8+ 1-0

[Event "Bundesliga 2122"]
[Site "Germany"]
[Date "2022.07.07"]
[Round "11.6"]
[White "Buckels, Valentin"]
[Black "Kurmann, Oliver"]
[Result "1-0"]
[WhiteElo "2454"]
[BlackElo "2462"]
[PlyCount "55"]
[EventDate "2022.03.05"]
[EventType "team-tourn"]
[EventRounds "15"]
[EventCountry "GER"]
[SourceTitle "CBM 209 Extra"]
[Source "ChessBase"]
[SourceDate "2022.09.30"]
[SourceVersion "1"]
[SourceVersionDate "2022.09.30"]
[SourceQuality "1"]
[WhiteTeam "Muelheim Nord"]
[BlackTeam "Bayern Muenchen"]
[WhiteTeamCountry "GER"]
[BlackTeamCountry "GER"]

1. d4 Nf6 2. Bf4 e6 3. e3 Be7 4. c4 d5 5. Nc3 0-0 6. Rc1 b6 7. cxd5 exd5 8. Bd3 c5 9. Nf3 Bb7 10. 0-0 Na6 11. Bb1 Nc7 12. Ne5 Ne6 13. Bg3 a6 14. a4 Re8 15. Bh4 Qd6 16. Bxf6 Bxf6 17. Bxh7+ Kxh7 18. Qh5+ Kg8 19. Qxf7+ Kh7 20. Qh5+ Kg8 21. Qf7+ Kh7 22. Qxb7 Nc7 23. dxc5 bxc5 24. Nc6 d4 25. Nxd4 Rab8 26. Ne4 Qe5 27. Nxf6+ gxf6 28. Qa7 1-0

[Event "Bundesliga 2122"]
[Site "Germany"]
[Date "2022.05.28"]
[Round "9.5"]
[White "Fedorchuk, Sergey A"]
[Black "Buckels, Valentin"]
[Result "1-0"]
[WhiteElo "2604"]
[BlackElo "2454"]
[PlyCount "79"]
[EventDate "2022.03.05"]
[EventType "team-tourn"]
[EventRounds "15"]
[EventCountry "GER"]
[SourceTitle "EXT 2023"]
[Source "ChessBase"]
[SourceDate "2022.10.05"]
[SourceVersion "1"]
[SourceVersionDate "2022.10.05"]
[SourceQuality "1"]
[WhiteTeam "Viernheim"]
[BlackTeam "Muelheim Nord"]
[WhiteTeamCountry "GER"]
[BlackTeamCountry "GER"]

1. e4 c6 2. Nc3 d5 3. Nf3 dxe4 4. Nxe4 Nf6 5. Qe2 Bf5 6. Nxf6+ gxf6 7. d3 c5 8. g3 Nc6 9. Bg2 Qd7 10. Be3 Nd4 11. Bxd4 cxd4 12. 0-0 Rc8 13. Rae1 Bg4 14. Qd2 Bg7 15. Qb4 Bxf3 16. Bxf3 e6 17. Re2 b6 18. Rfe1 f5 19. Bh5 Rc6 20. a4 a5 21. Qa3 Qe7 22. Bf3 Rd6 23. b4 axb4 24. Qxb4 0-0 25. Rb1 Qc7 26. Qa3 Rc8 27. Rb5 Bf8 28. Qc1 h6 29. Qb2 Qa7 30. Qa2 Rc3 31. a5 Rd7 32. Rxe6 Ra3 33. Qxa3 Bxa3 34. Re8+ Kg7 35. axb6 Qa4 36. Rb3 Re7 37. Ra8 Qd7 38. Raxa3 Re8 39. b7 Rb8 40. Ra8 1-0

[Event "NED-chT 2122"]
[Site "Netherlands"]
[Date "2022.04.23"]
[Round "9.4"]
[White "Roos, Adrian"]
[Black "Buckels, Valentin"]
[Result "0-1"]
[WhiteElo "2315"]
[BlackElo "2454"]
[PlyCount "70"]
[EventDate "2021.09.18"]
[EventType "team-tourn"]
[EventRounds "9"]
[EventCountry "NED"]
[SourceTitle "EXT 2023"]
[Source "ChessBase"]
[SourceDate "2022.10.05"]
[SourceVersion "1"]
[SourceVersionDate "2022.10.05"]
[SourceQuality "1"]
[WhiteTeam "Sas van Gent"]
[BlackTeam "En Passant"]
[WhiteTeamCountry "NED"]
[BlackTeamCountry "NED"]

1. d4 d5 2. c4 e6 3. Nc3 a6 4. cxd5 exd5 5. Bf4 Nf6 6. e3 Bd6 7. Bg3 0-0 8. Bd3 Re8 9. Nge2 Nc6 10. 0-0 Bg4 11. Bh4 Bh5 12. Kh1 Be7 13. Qb3 Na5 14. Qc2 Bg6 15. Bxg6 hxg6 16. Nf4 c6 17. b3 Rc8 18. Rad1 b6 19. Rfe1 Nb7 20. f3 Qd7 21. Na4 Qc7 22. Qf2 Nd6 23. Rc1 Qb8 24. Qf1 Nf5 25. Bf2 Bb4 26. Re2 b5 27. Nc5 Bxc5 28. Rxc5 Nxd4 29. exd4 Qxf4 30. Rxe8+ Rxe8 31. Rxc6 Qd2 32. Rxa6 Rc8 33. Bg1 Rc1 34. Qxb5 Qe3 35. Ra8+ Kh7 0-1

[Event "NED-chT 2122"]
[Site "Netherlands"]
[Date "2022.04.02"]
[Round "8.6"]
[White "Dambacher, Martijn"]
[Black "Buckels, Valentin"]
[Result "1-0"]
[WhiteElo "2487"]
[BlackElo "2454"]
[PlyCount "51"]
[EventDate "2021.09.18"]
[EventType "team-tourn"]
[EventRounds "9"]
[EventCountry "NED"]
[SourceTitle "EXT 2024"]
[Source "ChessBase"]
[SourceDate "2023.10.10"]
[SourceVersion "1"]
[SourceVersionDate "2023.10.10"]
[SourceQuality "1"]
[WhiteTeam "Den Bosch HMC"]
[BlackTeam "En Passant"]
[WhiteTeamCountry "NED"]
[BlackTeamCountry "NED"]

1. d4 d5 2. c4 e6 3. Nc3 a6 4. cxd5 exd5 5. Bf4 c6 6. e3 Bd6 7. Bxd6 Qxd6 8. Bd3 Ne7 9. Qc2 g6 10. 0-0-0 Bf5 11. Bxf5 Nxf5 12. e4 dxe4 13. Nxe4 Qf4+ 14. Kb1 Nd7 15. Ne2 Qc7 16. d5 c5 17. N2g3 Ng7 18. d6 Qc6 19. Nc3 0-0-0 20. Nge4 Nf5 21. Nd5 Rhe8 22. f3 Nxd6 23. Nb4 cxb4 24. Nxd6+ Kc7 25. Nxe8+ Rxe8 26. Qd2 1-0

[Event "NED-chT 2122"]
[Site "Netherlands"]
[Date "2022.03.12"]
[Round "7.2"]
[White "Buckels, Valentin"]
[Black "Suvorov, Alexander David"]
[Result "0-1"]
[WhiteElo "2454"]
[BlackElo "2391"]
[PlyCount "66"]
[EventDate "2021.09.18"]
[EventType "team-tourn"]
[EventRounds "9"]
[EventCountry "NED"]
[SourceTitle "EXT 2023"]
[Source "ChessBase"]
[SourceDate "2022.10.05"]
[SourceVersion "1"]
[SourceVersionDate "2022.10.05"]
[SourceQuality "1"]
[WhiteTeam "En Passant"]
[BlackTeam "Zuid Limburg"]
[WhiteTeamCountry "NED"]
[BlackTeamCountry "NED"]

1. d4 Nf6 2. Bf4 d5 3. e3 c5 4. Nf3 Nc6 5. Nbd2 Bf5 6. Bb5 cxd4 7. Nxd4 Bd7 8. Bd3 g6 9. 0-0 Bg7 10. Nxc6 Bxc6 11. Be5 0-0 12. b4 Ne8 13. Bxg7 Nxg7 14. b5 Bd7 15. Nb3 Rc8 16. Qf3 Bf5 17. Qf4 Qd7 18. a4 Bxd3 19. cxd3 Rc3 20. Qb4 Rfc8 21. a5 Ne6 22. Rfd1 Qd6 23. Qa4 Nc5 24. Nxc5 Qxc5 25. h4 h5 26. a6 b6 27. Rab1 Qd6 28. g3 Rc2 29. Qa1 Rxf2 30. Kxf2 Rc2+ 31. Kf3 e5 32. Rb4 Qxb4 33. e4 dxe4+ 0-1

[Event "Bundesliga 2122"]
[Site "Germany"]
[Date "2022.03.06"]
[Round "2.4"]
[White "Naiditsch, Arkadij"]
[Black "Buckels, Valentin"]
[Result "1/2-1/2"]
[WhiteElo "2648"]
[BlackElo "2454"]
[PlyCount "90"]
[EventDate "2022.03.05"]
[EventType "team-tourn"]
[EventRounds "15"]
[EventCountry "GER"]
[SourceTitle "EXT 2023"]
[Source "ChessBase"]
[SourceDate "2022.10.05"]
[SourceVersion "1"]
[SourceVersionDate "2022.10.05"]
[SourceQuality "1"]
[WhiteTeam "Baden-Baden"]
[BlackTeam "Muelheim Nord"]
[WhiteTeamCountry "GER"]
[BlackTeamCountry "GER"]

1. Nf3 d5 2. g3 Nf6 3. Bg2 e6 4. 0-0 c5 5. d3 Nc6 6. Nbd2 g6 7. e4 Bg7 8. exd5 Nxd5 9. Nb3 b6 10. d4 c4 11. Nbd2 c3 12. Ne4 Ba6 13. Re1 0-0 14. Nxc3 Nxc3 15. bxc3 Rc8 16. Bg5 Ne7 17. Qd2 Qc7 18. a4 Nd5 19. a5 bxa5 20. c4 Bxc4 21. Rxa5 Qb6 22. Ne5 Rc7 23. Rea1 Rfc8 24. h4 Bb5 25. Bxd5 exd5 26. Ng4 a6 27. c3 Rxc3 28. Qf4 Qc7 29. Nf6+ Bxf6 30. Qxc7 R3xc7 31. Bxf6 Rc6 32. Be7 Re6 33. Bc5 Rce8 34. Kg2 Kg7 35. R5a3 h6 36. Rc3 g5 37. hxg5 hxg5 38. g4 Kg6 39. Rh3 Re4 40. f3 Re2+ 41. Kg3 f5 42. gxf5+ Kxf5 43. Bd6 Rc8 44. Bc5 Rce8 45. Bd6 Rc8 1/2-1/2